000 00513nam a22001937a 4500
005 20251118130211.0
008 251118b |||||||| |||| 00| 0 eng d
020 _a978-1-260-08427-6
050 _aQL 47 .A55 2018
100 _aHICKMAN CLEVELAND
245 _aANIMAL DIVERSITY
250 _aEIGHTH EDITION
260 _aUSA
_bMC GRAW-HILL EDUCATION
300 _a111-495P.
500 _aIT HAS BIBLIOGRAPHIC DATA
650 _aSCIENCE AND TECHNOLOGY
700 _aHICKMAN CLEVERLAND
942 _2lcc
_cBK
999 _c216202
_d216202